000 00521nam a22001812 4500
001 0000005514
005 20151217160105.0
008 070615s xx 000 0 eng d
020 _a1570821739 :
_cKES 50
040 _aKABU
_cKABU
050 0 _aPZ7
_b.D57
245 1 0 _aDisney's The Hunchback of Notre Dame.
260 _a[New York] :
_bMouse Works,
_c1996.
300 _a96 p.
908 _a070615
999 _c14082
_d14082